О балансе выбросов и поглощения парниковых газов; ТЭК: Топливно-энергетический комплекс; № 3

Detalles Bibliográficos
Parent link:ТЭК: Топливно-энергетический комплекс.— , 2003
№ 3.— 2003.— С. 97-98
Otros Autores: Адам А. М., Литвак В. В. Валерий Владимирович, Ушаков В. Я. Василий Яковлевич, Яворский М. И.
Sumario:Поглощающая способность природной среды Томской обл. чрезвычайно велика.Она формируется лесами и болотами. При территории области в 314,4 тыс. км{2} лесами покрыто 195 тыс. км{2}, или 62%. В составе леса преобладают хвойные породы деревьев, доля которых превышает 54%. В течение года леса области поглощают 5,5 млн. т углерода. Общая площадь болот в области оценивается величиной 92 тыс. км{2}. Здесь расположено самое большое в мире болото - Васюганская топь. Годовая поглощающая способность болот по углероду составляет 4,4 млн. т. В целом природная среда области способна ежегодно усваивать: углерода - 9,91 млн. т; оксидов серы - 1,9 млн. т; оксидов азота - 1,3 млн. т. Т. обр., поглощающая способность территории более чем в 20 раз превышает объем выбросов антропогенных газов. Именно поэтому Томская обл. может стать в ближайшие годы одним из самых крупных в России продавцов квот выбросов парниковых газов
В фонде НТБ ТПУ отсутствует
Lenguaje:ruso
Publicado: 2003
Materias:
Formato: MixedMaterials Capítulo de libro
KOHA link:https://koha.lib.tpu.ru/cgi-bin/koha/opac-detail.pl?biblionumber=597078

MARC

LEADER 00000naa0a2200000 4500
001 597078
005 20250128163949.0
035 |a (RuTPU)RU\TPU\tpu\20192 
090 |a 597078 
100 |a 20111018d2003 k||y0rusy50 ca 
101 0 |a rus 
102 |a RU 
200 1 |a О балансе выбросов и поглощения парниковых газов  |f А. М. Адам [и др.] 
330 |a Поглощающая способность природной среды Томской обл. чрезвычайно велика.Она формируется лесами и болотами. При территории области в 314,4 тыс. км{2} лесами покрыто 195 тыс. км{2}, или 62%. В составе леса преобладают хвойные породы деревьев, доля которых превышает 54%. В течение года леса области поглощают 5,5 млн. т углерода. Общая площадь болот в области оценивается величиной 92 тыс. км{2}. Здесь расположено самое большое в мире болото - Васюганская топь. Годовая поглощающая способность болот по углероду составляет 4,4 млн. т. В целом природная среда области способна ежегодно усваивать: углерода - 9,91 млн. т; оксидов серы - 1,9 млн. т; оксидов азота - 1,3 млн. т. Т. обр., поглощающая способность территории более чем в 20 раз превышает объем выбросов антропогенных газов. Именно поэтому Томская обл. может стать в ближайшие годы одним из самых крупных в России продавцов квот выбросов парниковых газов 
333 |a В фонде НТБ ТПУ отсутствует 
461 |t ТЭК: Топливно-энергетический комплекс  |d 2003 
463 |t № 3  |v С. 97-98  |d 2003 
610 1 |a труды учёных ТПУ 
701 1 |a Адам  |b А. М. 
701 1 |a Литвак  |b В. В.  |c специалист в области теплоэнергетики  |c профессор Томского политехнического университета, доктор технических наук  |f 1940-  |g Валерий Владимирович  |3 (RuTPU)RU\TPU\pers\25676  |9 11587 
701 1 |a Ушаков  |b В. Я.  |c специалист в области электроэнергетики  |c профессор Томского политехнического университета, доктор технических наук  |f 1939-  |g Василий Яковлевич  |3 (RuTPU)RU\TPU\pers\10509  |9 2236 
701 1 |a Яворский  |b М. И. 
801 1 |a RU  |b 63413507  |c 20111018 
801 2 |a RU  |b 63413507  |c 20140304  |g RCR 
942 |c CR